| 000 | 00734cab a2200205 4500 | ||
|---|---|---|---|
| 001 | X84976 | ||
| 008 | 090401t1997 xxu||||| |||| 00| 0 eng d | ||
| 035 | _a(Sirsi) u79393 | ||
| 041 | _aeng | ||
| 245 | _aHuntingdon Fasteners Company Limited v Avon Lippiat Hobbs (Contracting) Limited | ||
| 260 | _c1997 | ||
| 350 | _a0 | ||
| 490 |
_aConstruction Law Journal _v[1997] 13 Const.L.J. 267-271(4) |
||
| 520 | _aQBD 2 February 1995. Negligence - damages - damage and loss caused by interruption to electricity supply - pure economic loss - whether recoverable. | ||
| 650 | _aELECTRICITY SUPPLY | ||
| 650 | _aINTERRUPTION TO ELECTRICITY SUPPLY | ||
| 690 | _aBUILDING AND CONSTRUCTION-CASE LAW | ||
| 942 | _n0 | ||
| 948 | _c02/07/1997 | ||
| 999 |
_c49902 _d49902 |
||